000 00468nam a22001577u 4500
008 130405s1965 xxu||||| |||| 00| 0 eng d
041 _aeng
100 1 _aBowman, Jonathan
_916588
245 0 4 _aThe Gospel of Mark
_b:The New Christian jewish passover haggadah...
_cJonathan Bowman
260 _aLeiden:
_bE.J.Brill,
_c1965
300 _a392 p.
_c;24 cm.
490 0 _aStudia Postbiblica
_v8
630 0 4 _aBiblia
_pN.T.
_pEvangelios
_913405
942 _cBK
001 33290
999 _c233307
_d233307